| 000 | 00484nam a2200193Ia 4500 | ||
|---|---|---|---|
| 005 | 20250423095443.0 | ||
| 008 | 250422s9999 xx 000 0 und d | ||
| 020 | _a9780072973136 | ||
| 050 | _aT 353 .B47/ | ||
| 100 | _aBertoline, Gary R. | ||
| 245 | 0 | _aFundamentals of graphics communication | |
| 250 | _a4th ed. | ||
| 260 | _aNew York | ||
| 260 | _bMacGraw-Hill Education | ||
| 260 | _c2005 | ||
| 300 | _a642 p | ||
| 650 | _aEngineering graphics--Textbooks. | ||
| 942 | _cBK | ||
| 999 |
_c30325 _d30325 |
||